000 00354 a2200157 4500
001 168403
020 _a
040 _cMagnum
100 _aNazareth, Helenalda Resende de Souza
240 1 0 _aCurso basico de estatistica
_lpor
245 1 0 _aCurso basico de estatistica
362 0 _a1899
440 1 _aÁtica
697 _aESTATISTICA
942 _cBK
999 _c168403
_d168403